Online Catalogue and eLibrary

Soviet deshaye bindavatima (Record no. 1230)

MARC details
000 -LEADER
fixed length control field 00398nam a2200145Ia 4500
005 - DATE AND TIME OF LATEST TRANSACTION
control field 20250528031506.0
008 - FIXED-LENGTH DATA ELEMENTS--GENERAL INFORMATION
fixed length control field 240331s9999 xx 000 0 und d
082 ## - DDC Classification
Class No. 303.4
Item Number - Author Mark SIR
100 ## - MAIN ENTRY--PERSONAL NAME
Personal name Siriwardena,R
245 #0 - TITLE STATEMENT
Title Soviet deshaye bindavatima
260 ## - PUBLICATION, DISTRIBUTION, ETC.
Place of publication, distribution, etc. Colombo
Name of publisher, distributor, etc. International centre for ethnic Studies
Date of publication, distribution, etc. 1993
300 ## - PHYSICAL DESCRIPTION
Extent (e.g. Volumes, Pages etc.) 184 p .,
500 ## - GENERAL NOTE
General note the collapse of the soviet union
942 ## - Koha item type (Biblio)
Koha item type Books in Stacks (Lending)
Holdings
Lost status Damaged status Collection code Home library Current library Shelving location Date acquired Full call number Accession Number Item type
    Lending WERC Library WERC Library Social Science Cupboard 03/31/2024 303.4 SIR 3429 Books in Stacks (Lending)

© WERC Library